The film encyclopedia (Record no. 245)
[ view plain ]
| 000 -LEADER | |
|---|---|
| fixed length control field | 00598nam a2200181 a 4500 |
| 008 - FIXED-LENGTH DATA ELEMENTS--GENERAL INFORMATION | |
| fixed length control field | 140812s1994 ||||||||||||||||| || u |
| 010 ## - LIBRARY OF CONGRESS CONTROL NUMBER | |
| LC control number | 93043318 |
| 020 ## - INTERNATIONAL STANDARD BOOK NUMBER | |
| International Standard Book Number | 0062730894 : |
| 050 ## - LIBRARY OF CONGRESS CALL NUMBER | |
| Classification number | 791.43 Kat |
| 100 ## - MAIN ENTRY--PERSONAL NAME | |
| Personal name | Katz, Ephraim |
| 245 14 - TITLE STATEMENT | |
| Title | The film encyclopedia |
| Statement of responsibility, etc. | Ephraim Katz. |
| 250 ## - EDITION STATEMENT | |
| Edition statement | [2nd ed.]. |
| 260 ## - PUBLICATION, DISTRIBUTION, ETC. | |
| Place of publication, distribution, etc. | New York |
| Name of publisher, distributor, etc. | HarperCollins Publishers |
| Date of publication, distribution, etc. | 1994 |
| 300 ## - PHYSICAL DESCRIPTION | |
| Extent | 1496 p. |
| 650 #0 - SUBJECT ADDED ENTRY--TOPICAL TERM | |
| Topical term or geographic name entry element | Motion pictures--Encyclopedias |
| 995 ## - | |
| -- | AMERICAN CORNER |
| -- | 0107916 |
| -- | CBU-DAG HAMMARSKJOLD INSTITUTE LIBRARY |
| -- | REF 791.43 Kat |
| -- | 1 |
| -- | REFERENCE |
| -- | Aug 12, 2014 |
| -- | 0107916 |
| -- | American Collection |
| 999 ## - | |
| -- | 245 |
| -- | 245 |
| Withdrawn status | Lost status | Source of classification or shelving scheme | Damaged status | Not for loan | Permanent Location | Current Location | Shelving location | Date acquired | Total Checkouts | Full call number | Barcode | Date last seen | Price effective from | Koha item type |
|---|---|---|---|---|---|---|---|---|---|---|---|---|---|---|
| CBU-DAG HAMMARSKJOLD INSTITUTE | CBU-DAG HAMMARSKJOLD INSTITUTE | 11/28/2022 | 791.43 Kat | 0107916 | 11/28/2022 | 11/28/2022 | MONOGRAPH |